| 000 | 00866nam a2200241 a 4500 | ||
|---|---|---|---|
| 001 | BRCA_215 | ||
| 005 | 20190320202924.0 | ||
| 008 | 170805s1998----mx-a---###---#000-0#spa-# | ||
| 020 | _a9688252964 | ||
| 040 |
_aDLC _cDLC _dDLC |
||
| 050 | 4 |
_aRA984.M4 _b.Z43 1998 |
|
| 100 | 1 |
_aZedillo Castillo, Antonio _9747 |
|
| 245 | 1 | 0 |
_aHistoria de un hospital _bel Hospital Real de Naturales _cAntonio Zedillo Castillo. |
| 250 | _a2 | ||
| 260 |
_aMéxico _bISSSTE _c1998 |
||
| 300 |
_a458 p. _bil. _c28 cm. |
||
| 504 | _aBibliografía : p. 451-458 | ||
| 610 | 2 | 4 |
_aHospital de San José Real de Indios _xArchivos _zCiudad de México _9748 |
| 610 | 2 | 4 |
_aHospital Real de Indios _xHistoria _zCiudad de México _9749 |
| 650 | 1 | 4 |
_aHospitales franciscanos _ysiglos XVI al XVIII _zNueva España _9750 |
| 650 | 1 | 4 |
_aReal Colegio de Cirugía _ySiglo XVIII _zNueva España _9751 |
| 942 |
_2lcc _cB |
||
| 999 |
_c176 _d176 |
||